Welcome to the Holygrace Academy Library

Please use search bar below to get started

KUTIKALUDE ARABIKATHAKAL (Record no. 1613)

MARC details
000 -LEADER
fixed length control field 00334nam a22001457a 4500
020 ## - INTERNATIONAL STANDARD BOOK NUMBER
ISBN 81-262-0646-2
082 ## - DEWEY DECIMAL CLASSIFICATION NUMBER
Classification number 894.812.3
100 ## - MAIN ENTRY--AUTHOR NAME
Personal name SUHARA, B M
245 ## - TITLE STATEMENT
Title KUTIKALUDE ARABIKATHAKAL
250 ## - EDITION STATEMENT
Edition statement 2
260 ## - PUBLICATION, DISTRIBUTION, ETC. (IMPRINT)
Place of publication THIRUVANANTHAPURAM
Name of publisher DESHABIMANI
Year of publication 2011
300 ## - PHYSICAL DESCRIPTION
Number of Pages 96
650 ## - SUBJECT ADDED ENTRY--TOPICAL TERM
Topical Term MALAYALAM SHORT STORY
Geographic subdivision KERALA
942 ## - ADDED ENTRY ELEMENTS (KOHA)
Koha item type Books
Holdings
Withdrawn status Lost status Collection code Home library Current library Shelving location Date acquired Source of acquisition Cost, normal purchase price Full call number Accession Number Koha item type
    Fiction Main Library Main Library SHELF-6D- MALAYALAM SHORT STORIES 01/03/2016 PURCHASE 70.00 894.812.3 03990 Books